| 000 -LEADER | |
|---|---|
| fixed length control field | 00397nam a22001697a 4500 |
| 005 - DATE AND TIME OF LATEST TRANSACTION | |
| control field | 20170825172157.0 |
| 008 - FIXED-LENGTH DATA ELEMENTS--GENERAL INFORMATION | |
| fixed length control field | 160630b xxu||||| |||| 00| 0 eng d |
| 020 ## - INTERNATIONAL STANDARD BOOK NUMBER | |
| ISBN | 81-89757-27-X |
| 041 ## - LANGUAGE CODE | |
| Language code of text/sound track or separate title | eng |
| 082 ## - DEWEY DECIMAL CLASSIFICATION NUMBER | |
| Item number | 13239 |
| 100 ## - MAIN ENTRY--AUTHOR NAME | |
| Personal name | Singh, Tarlok |
| 245 ## - TITLE STATEMENT | |
| Title | Basic Electrical Engineering |
| 260 ## - PUBLICATION, DISTRIBUTION, ETC. (IMPRINT) | |
| Name of publisher | Katson |
| Year of publication | 2012 |
| 300 ## - PHYSICAL DESCRIPTION | |
| Number of Pages | 293 |
| 650 ## - SUBJECT ADDED ENTRY--TOPICAL TERM | |
| Topical Term | Diploma Engineering |
| 942 ## - ADDED ENTRY ELEMENTS (KOHA) | |
| Koha item type | Books |
| Lost status | Damaged status | Collection code | Home library | Current library | Shelving location | Date acquired | Cost, normal purchase price | Full call number | Accession Number | Koha item type |
|---|---|---|---|---|---|---|---|---|---|---|
| MINING | JRU Library | JRU Library | SHELF-58-E | 30/06/2016 | 175.00 | 13239 | 13239 | Books | ||
| JRU Library | SHELF-36-E | 30/06/2016 | 175.00 | 13239 | 13240 | Books | ||||
| MINING | JRU Library | JRU Library | SHELF-58-E | 30/06/2016 | 175.00 | 13239 | 13241 | Books | ||
| MINING | JRU Library | JRU Library | SHELF-58-E | 30/06/2016 | 175.00 | 13239 | 13242 | Books | ||
| MINING | JRU Library | JRU Library | SHELF-58-E | 30/06/2016 | 175.00 | 13239 | 13243 | Books | ||
| MINING | JRU Library | JRU Library | SHELF-58-E | 30/06/2016 | 175.00 | 13239 | 13244 | Books | ||
| MINING | JRU Library | JRU Library | SHELF-58-E | 30/06/2016 | 175.00 | 13239 | 13245 | Books | ||
| MINING | JRU Library | JRU Library | SHELF-58-E | 30/06/2016 | 175.00 | 13239 | 13246 | Books | ||
| MINING | JRU Library | JRU Library | SHELF-58-E | 30/06/2016 | 175.00 | 13239 | 13247 | Books | ||
| JRU Library | SHELF-36-E | 30/06/2016 | 175.00 | 13239 | 13248 | Books | ||||
| JRU Library | SHELF-36-E | 30/06/2016 | 175.00 | 13239 | 13249 | Books | ||||
| MINING | JRU Library | JRU Library | SHELF-58-E | 30/06/2016 | 175.00 | 13239 | 13250 | Books | ||
| JRU Library | SHELF-36-E | 30/06/2016 | 175.00 | 13239 | 13251 | Books | ||||
| JRU Library | SHELF-36-E | 30/06/2016 | 175.00 | 13239 | 13252 | Books | ||||
| MINING | JRU Library | JRU Library | SHELF-58-E | 30/06/2016 | 175.00 | 13239 | 13253 | Books | ||
| JRU Library | SHELF-36-E | 30/06/2016 | 175.00 | 13239 | 13254 | Books | ||||
| MINING | JRU Library | JRU Library | SHELF-58-E | 30/06/2016 | 175.00 | 13239 | 13255 | Books | ||
| JRU Library | SHELF-36-E | 30/06/2016 | 175.00 | 13239 | 13256 | Books | ||||
| JRU Library | SHELF-36-E | 30/06/2016 | 175.00 | 13239 | 13257 | Books |